Curs bàsic de disseny amb ordinador / per Lluís Pérez
Descripción Física:
[46] f. : mecanogr., il. ; 30 cm
Materias:
Disseny assistit per ordinador
MARC
| LEADER | 00000nam a2200000Ia 4500 | ||
|---|---|---|---|
| 001 | 2189 | ||
| 003 | BGR | ||
| 005 | 20260324175255.0 | ||
| 008 | 160829s9999 xx 000 0 cat d | ||
| 080 | |a C-1-81 | ||
| 100 | |a Pérez, Lluís |9 24395 | ||
| 245 | |a Curs bàsic de disseny amb ordinador / per Lluís Pérez | ||
| 260 | |a Barcelona : |b Diputació de Barcelona. Servei d' Ensenyament, [1986] | ||
| 300 | |a [46] f. : |b mecanogr., il. ; |c 30 cm | ||
| 590 | |a Abans del títol: II Escola d'Estiu d'Art, Oficis i Disseny, juliol 86vbcrlfA peu de la coberta: Col·labora el col·lectiu d'escoles públiques d'Art i Disseny de la província de Barcelona | ||
| 650 | |a Disseny assistit per ordinador |9 24396 | ||
| 710 | 1 | |a Barcelona (Catalunya : Província). |b Servei d'Ensenyament |9 54959 | |
| 710 | 2 | |a Col·lectiu d'Escoles Públiques d'Art i Disseny de la Província de Barcelona |9 70776 | |
| 901 | |a Arxiu | ||
| 942 | |n 1 |2 udc |c MON | ||
| 952 | |0 0 |1 0 |4 0 |6 C181 |7 1 |9 43127 |a Arxiu |b Arxiu |d 2016-12-01 |l 0 |o C-1-81 |p 2189 |r 2016-12-01 00:00:00 |w 2016-12-01 |y ARXIU | ||
| 999 | |c 45671 |d 45671 | ||